Least Populous Countries In The World With An Empty Map - Statistics

General Stats
  • This quiz has been taken 123 times
  • The average score is 8 of 10
Answers on the Map
Answers color-coded by a green-red scale on the quiz's map according to % correct below.
 
Answer Stats
Country % Correct
Vatican City
92%
Nauru
90%
San Marino
87%
Tuvalu
83%
Palau
80%
Liechtenstein
78%
Saint Kitts and Nevis
72%
Marshall Islands
63%
Monaco
62%
Dominica
45%
No matching quizzes found
Score Distribution
Percent of People with Each Score
Percentile by Number Answered
Your Score History
You have not taken this quiz